|
|
|
|
| LEADER |
01502njm a2200421 a 4500 |
| 001 |
000266992 |
| 003 |
CZ BrMZK |
| 005 |
19950101143423.0 |
| 008 |
950101s1995 xr f und d |
| 028 |
0 |
3 |
|a SU 0199-2 011
|b Supraphon
|
| 040 |
|
|
|a BOA001
|b cze
|
| 080 |
|
|
|a 785.11"18"(086.7)
|2 MRF
|
| 100 |
1 |
|
|a Dvořák, Antonín,
|d 1841-1904
|7 jn19981000826
|4 cmp
|
| 245 |
1 |
0 |
|a Symphonic Poems
|h [zvukový záznam] /
|c Antonín Dvořák.
|
| 246 |
3 |
3 |
|a <<The >>wild dove, op. 110
|
| 246 |
3 |
3 |
|a Holoubek
|
| 246 |
3 |
3 |
|a Polednice
|
| 246 |
3 |
3 |
|a <<The >>golden spinning wheel, op. 109
|
| 246 |
3 |
3 |
|a <<The >>noon witch, op. 108
|
| 246 |
3 |
3 |
|a Vodník
|
| 246 |
3 |
|
|a Zlatý kolovrat
|
| 246 |
3 |
3 |
|a Symfonické básně
|
| 246 |
3 |
3 |
|a <<The >>water goblin, op. 107
|
| 260 |
|
|
|a Praha :
|b Supraphon,
|c p1978, c1995
|
| 300 |
|
|
|a 1 CD ;
|c 12 cm
|b ADD +
|e 1 brožura (8 s.).
|
| 306 |
|
|
|a 011811
|
| 500 |
|
|
|a Durata 78:11
|
| 500 |
|
|
|a Text v brož. vícejaz.
|
| 500 |
|
|
|a Nahr. 1977
|
| 505 |
2 |
|
|a The golden spinning wheel, op. 109, The noon witch, op. 108, The water goblin, op. 107 ... [et al.]
|
| 511 |
0 |
|
|a Česká filahrmonie, dir. Václav Neumann
|
| 653 |
0 |
|
|a symfonické básně
|
| 700 |
1 |
|
|a Neumann, Václav,
|d 1920-1995
|7 jn19990209586
|4 cnd
|
| 710 |
2 |
|
|a Česká filharmonie
|7 kn20010710169
|4 prf
|
| 910 |
|
|
|a BOA001
|b CD-0002.579
|
| 964 |
|
|
|a Básně symfonické
|z stol.19.
|x CD
|
| 990 |
|
|
|a AV
|
| 996 |
6 |
|
|b 261H002607
|c CD-0002.579
|l MZK
|r Sklad / do 24 hodin
|n 1
|w 000266992
|u 000010
|a 1
|e BOA001
|j MZK50
|s P
|